Visualizzazione normale
Vista MARC
- Merlo, Enrica Z.,
di Personal Name
Records bibliografici associati: 1
001 - CONTROL NUMBER
- control field: 57538
003 - CONTROL NUMBER IDENTIFIER
- control field:
005 - DATE AND TIME OF LATEST TRANSACTION
- control field: 20181123142803.0
008 - FIXED-LENGTH DATA ELEMENTS
- fixed length control field: 181123|| aca||aabn | a|a d
040 ## - CATALOGING SOURCE
- Original cataloging agency:
- Transcribing agency:
100 ## - HEADING--PERSONAL NAME
- Personal name: Merlo, Enrica Z.,
- Relator term: tr.
670 ## - SOURCE DATA FOUND
- Source citation: Work cat.: ()0: Herranz Marco, Mariano, sac., 1928-2008. 57536, San Paolo attraverso le sue lettere /, ©2009.